Normal view MARC view
  • Ebert, Ronald J.,

Entry Nombre Personal

Number of records used in: 1

001 - NUMERO DE CONTROL

  • campo de control: 44007

003 - IDENTIFICADOR DE NUMERO DE CONTROL

  • campo de control: DLC

005 - FECHA Y HORA DE LA ÜLTIMA TRANSACCIÓN

  • campo de control: 20220401132306.0

008 - DATOS DE LONGITUD FIJA

  • campo de control de longitud fija: 810910n| azannaabn |n aaa

010 ## - NÚMERO DE CONTROL DE LA BIBLIOTECA DEL CONGRESO

  • Número de control LC: n 81050362

016 ## - NÚMERO DE CONTROL DE UNA AGENCIA BIBLIOGRÁFICA NACIONAL

  • Número de control del registro: 0067J4062E

035 ## - NUMERO DE CONTROL

  • Número de control: (OCoLC)oca00595887

040 ## - FUENTE DE CATALOGACIÓN

  • Agencia original de catalogación: DLC
  • Lenguaje de catalogación: spa
  • Description conventions: rda
  • Agencia de transcripción: DLC
  • Agencia que lo modifica: IEN
  • Agencia que lo modifica: CaOONL
  • Agencia que lo modifica: MX-MxUPN

042 ## - CÓDIGO DE AUTENTICACIÓN

  • Código de autenticación: nlc

046 ## - FECHAS CON CODIFICACIÓN ESPECIAL

  • Fecha de nacimiento: 1938-04-22
  • Fuente del formato de fecha: edtf

100 1# - ENCABEZAMIENTO - NOMBRE PERSONAL

  • Nombre personal: Ebert, Ronald J.,
  • Fechas asociadas con el nombre: 1938-

377 ## - LENGUA ASOCIADA

  • Language code: eng

670 ## - FUENTE EN LA QUE SE LOCALIZARON DATOS

  • Cita de la fuente: En su obra: Organizational decision processes, c1975.

670 ## - FUENTE EN LA QUE SE LOCALIZARON DATOS

  • Cita de la fuente: Info. converted from 678, 2012-10-02
  • Información localizada: (n. 4/22/38)

670 ## - FUENTE EN LA QUE SE LOCALIZARON DATOS

  • Cita de la fuente: Business, 2014:
  • Información localizada: portada (Ronald J. Ebert (University of Missouri-Columbia)

670 ## - FUENTE EN LA QUE SE LOCALIZARON DATOS

  • Cita de la fuente: LAC internal file, September 10, 2019
  • Información localizada: (access point: Ebert, Ronald J; not Canadian)

902 ## - CATALOGADOR

  • Catalogador: NDAF/220401